| 000 | 00998nam a22002655i 4500 | ||
|---|---|---|---|
| 001 | 11836 | ||
| 003 | ES-MaACL | ||
| 005 | 20251220172215.0 | ||
| 007 | t| | ||
| 008 | 940318s1993 sp ||||0| spa j | ||
| 020 | _a84-7483-970-X | ||
| 040 |
_aM-BN _bspa _cM-BN |
||
| 080 | _a903/904(460):061.3(460.27 M.)"1989" | ||
| 080 | _a061.3(460.27 M.)"1989":903/904(460) | ||
| 111 | 0 |
_aSeminario de Parques Arqueológicos _d(1989. _cMadrid) _91046 |
|
| 245 | 1 | 0 |
_aSeminario de Parques Arqueológicos _b: días 13, 14 y 15 de diciembre, Madrid, 1989. |
| 250 | _a1ª ed. | ||
| 260 |
_aMadrid : _bInstituto de Conservación y Restauración de Bienes Culturales, _c1993. |
||
| 300 |
_a249 p : _bil. col. y n., map., plan ; _c26 cm. |
||
| 504 | _aBibliografía. | ||
| 650 | 1 | 4 |
_aParques arqueológicos- _vCongresos y asambleas. _915846 |
| 710 | 2 |
_aInstituto de Conservación y Restauración de Bienes Culturales (España) _94845 |
|
| 852 |
_aES-MaACL _jL-19123 _bR.122603 |
||
| 999 |
_c11836 _d11836 |
||